Pure Dark Type Pokémon - Statistics

General Stats
  • This quiz has been taken 99 times
    45 since last reset
  • The average score is 14 of 16
Answer Stats
Region Number Answer % Correct
Kanto 0052 Meowth (Alolan Form)
96%
0262 Mightyena
96%
0053 Persian (Alolan Form)
96%
Hoenn 0261 Poochyena
96%
Sinnoh 0491 Darkrai
93%
Johto 0197 Umbreon
93%
0359 Absol
89%
0359 Mega Absol
89%
Galar 0827 Nickit
89%
0828 Thievul
89%
0510 Liepard
86%
0943 Mabosstiff
86%
Paldea 0942 Maschiff
86%
Unova 0509 Purrloin
86%
0571 Zoroark
86%
0570 Zorua
86%
No matching quizzes found
Score Distribution
Percent of People with Each Score
Percentile by Number Answered
Your Score History
You have not taken this quiz since the last reset